000 00877 a2200289 4500
001 61626
005 20260407155906.0
008 260407a1971 arg spa d
003 AR-UNSa-BCEJYS
040 _aAR-UNSa-BCEJYS
_bspa
_cAR-UNSa-BCEJYS
080 _a347.44
_xContratos en general. Obligaciones
245 1 0 _aContratos
264 1 _aBuenos Aires :
_bVíctor P. de Zavalía
_c1971
300 _a2 v. (342 ; 310 p.)
_c23 cm.
041 _aspa
942 _cBK
590 _aniveau_biblio:m niveau_hierar:0
100 1 _aVidela Escalada, Federico N.
700 1 _aGastaldi, José María
700 1 _aOvsejevich, Luis
700 1 _aCobas, Manuel Osvaldo
700 1 _aRavenna, Nelly Alicia
700 1 _aCasas de Chamorro Vanasco, María Luisa
700 1 _aCrivellari Lamarque, Elena
700 1 _aStodart, Ana María
700 1 _aErdozain, Martín Luis
999 _c7344
_d7344